Vývoj inflace v období 1997-2000 na pozadí hospodářského cyklu a v podmínkách nabídkových šoků

Makroekonomický vývoj daného národného hospodárstva dokumentuje miera rastu cenovej hladiny - miera inflácie. Proces dynamického obnovovania makroekonomickej rovnováhy býva v teoretických úvahách demonštrovaný na modeli SP-DG. Modelová simulácia dopytovej expanzie. Ponukové šoky a miera inflácie. De...

Descrizione completa

Salvato in:
Dettagli Bibliografici
Autore principale: Král, Petr
Natura: Capitolo di libro
Lingua:ceco
Soggetti:
Tags: Aggiungi Tag
Nessun Tag, puoi essere il primo ad aggiungerne!!

MARC

LEADER 00000naa a2200000 4500
001 r039930
005 20231003114234.1
041 0 |a cze 
044 |a CZ 
245 1 0 |a Vývoj inflace v období 1997-2000 na pozadí hospodářského cyklu a v podmínkách nabídkových šoků  |c Petr Král 
520 |a Makroekonomický vývoj daného národného hospodárstva dokumentuje miera rastu cenovej hladiny - miera inflácie. Proces dynamického obnovovania makroekonomickej rovnováhy býva v teoretických úvahách demonštrovaný na modeli SP-DG. Modelová simulácia dopytovej expanzie. Ponukové šoky a miera inflácie. Deskripcia a analýza vývoja inflácie a hrubého domáceho produktu s využitím modelu SP-DG v období 1997-2000. 
610 2 0 |a inflácia 
610 2 0 |a miera inflácie 
610 2 0 |a hladina cenová 
610 2 0 |a vývoj hospodársky 
610 2 0 |a produkt domáci hrubý 
610 2 0 |a modely rovnováhy 
610 2 0 |a teórie ekonomické 
610 2 0 |a dopyt 
610 2 0 |a ponuka 
610 2 0 |a Česko 
610 2 0 |a 1997-2000 
100 1 |a Král, Petr